Statistics for Largest Country with Letter - Area

Click here to take the quiz!

General Stats

  • This quiz has been taken 30 times
  • The average score is 14 of 26

Answer Stats

LetterCountry% Correct
ARussia
100%
CCanada
92%
IRussia
88%
EUnited States
84%
BBrazil
80%
NCanada
76%
SRussia
76%
URussia
76%
RRussia
76%
DCanada
72%
TUnited States
72%
HChina
68%
LBrazil
60%
KKazakhstan
60%
ZBrazil
52%
XMexico
52%
GArgentina
48%
QMozambique
44%
JJapan
32%
FDemocratic Republic of the Congo
28%
PDemocratic Republic of the Congo
20%
ODemocratic Republic of the Congo
20%
MDemocratic Republic of the Congo
20%
VBolivia
16%
WBotswana
8%
YLibya
8%

Score Distribution

Percentile by Number Answered

Percent of People with Each Score

Your Score History

You have not taken this quiz